The Orissa treasury code (Record no. 429279)

000 -LEADER
fixed length control field 00331cam a22001097a 4500
008 - FIXED-LENGTH DATA ELEMENTS--GENERAL INFORMATION
fixed length control field 180718b1959 xxu||||| |||| 00| 0 eng d
082 ## - DEWEY DECIMAL CLASSIFICATION NUMBER
Classification number Loox5414 Or4t
245 ## - TITLE STATEMENT
Title The Orissa treasury code
Statement of responsibility, etc. by Finance Department, Orissa
260 ## - PUBLICATION, DISTRIBUTION, ETC.
Place of publication, distribution, etc. Cuttack
Name of publisher, distributor, etc. The Satyabadi Press
Date of publication, distribution, etc. 1959
300 ## - PHYSICAL DESCRIPTION
Extent 2v,275+p.
700 ## - ADDED ENTRY--PERSONAL NAME
Personal name Orissa. Finance Department
Holdings
Withdrawn status Lost status Damaged status Not for loan Permanent Location Current Location Date acquired Full call number Barcode Date last seen Price effective from Koha item type
        Indian Institute of Public Administration Indian Institute of Public Administration 2009-12-23 Loox5414 Or4t 27178 2018-07-21 2018-07-21 Book
        Indian Institute of Public Administration Indian Institute of Public Administration 2009-12-23 Loox5414 Or4t 27177 2018-07-21 2018-07-21 Book

Powered by Koha